Big questions, worthy dreams : (Record no. 8828)
[ view plain ]
| 000 -LEADER | |
|---|---|
| fixed length control field | 01833cam a2200325 a 4500 |
| 001 - CONTROL NUMBER | |
| control field | 43929867 |
| 003 - CONTROL NUMBER IDENTIFIER | |
| control field | OCoLC |
| 005 - DATE AND TIME OF LATEST TRANSACTION | |
| control field | 20241126110659.0 |
| 008 - FIXED-LENGTH DATA ELEMENTS--GENERAL INFORMATION | |
| fixed length control field | 000418s2000 cau b 001 0 eng |
| 010 ## - | |
| -- | 00009170 |
| 020 ## - INTERNATIONAL STANDARD BOOK NUMBER | |
| International Standard Book Number | 0787941719 (alk. paper) |
| 020 ## - INTERNATIONAL STANDARD BOOK NUMBER | |
| International Standard Book Number | 9780787941710 (alk. paper) |
| 040 ## - CATALOGING SOURCE | |
| Original cataloging agency | DLC |
| Language of cataloging | eng |
| Transcribing agency | DLC |
| Modifying agency | LVB |
| -- | IOJ |
| -- | BAKER |
| -- | NLGGC |
| -- | BTCTA |
| -- | YDXCP |
| -- | ZR1 |
| -- | OCLCF |
| 050 00 - | |
| -- | BL42 |
| -- | .P37 2000 |
| 082 ## - DEWEY DECIMAL CLASSIFICATION NUMBER | |
| Classification number | 261.834242 |
| Item number | PAR |
| 100 1# - MAIN ENTRY--PERSONAL NAME | |
| Personal name | Parks, Sharon Daloz, |
| Dates associated with a name | 1942- |
| 9 (RLIN) | 15526 |
| 245 10 - TITLE STATEMENT | |
| Title | Big questions, worthy dreams : |
| Remainder of title | mentoring young adults in their search for meaning, purpose, and faith / |
| Statement of responsibility, etc. | Sharon Daloz Parks. |
| 246 30 - | |
| -- | Mentoring young adults in their search for meaning, purpose, and faith |
| 250 ## - EDITION STATEMENT | |
| Edition statement | 1st ed. |
| 260 ## - PUBLICATION, DISTRIBUTION, ETC. | |
| Place of publication, distribution, etc. | San Francisco, Calif. : |
| Name of publisher, distributor, etc. | Jossey-Bass, |
| Date of publication, distribution, etc. | c2000. |
| 300 ## - PHYSICAL DESCRIPTION | |
| Extent | xiv, 261 p. ; |
| Dimensions | 24 cm. |
| 504 ## - BIBLIOGRAPHY, ETC. NOTE | |
| Bibliography, etc. note | Includes bibliographical references (p. 223-242) and indexes. |
| 505 0# - FORMATTED CONTENTS NOTE | |
| Formatted contents note | Young adulthood in a changing world : promise and vulnerability -- Meaning and faith -- Becoming at home in the universe -- It matters how we think -- It all depends -- On belonging -- Imagination : the power of adult faith -- Gifts of a mentoring environment -- Mentoring communities. Higher education -- Professional education and the professions -- Workplace -- Travel --Natural environment -- Families -- Religious faith communities -- Culture as mentor. |
| 520 ## - SUMMARY, ETC. | |
| Summary, etc. | Urges thoughtful adults to assume responsibility for providing strategic mentorship to twenty-somethings, and reveals the ways young adults are influenced not only by individual mentors but also by mentoring environments. |
| 650 #0 - SUBJECT ADDED ENTRY--TOPICAL TERM | |
| Topical term or geographic name entry element | Religious education of young people. |
| 9 (RLIN) | 13104 |
| 650 #0 - SUBJECT ADDED ENTRY--TOPICAL TERM | |
| Topical term or geographic name entry element | Young adults |
| General subdivision | Religious life. |
| 9 (RLIN) | 11646 |
| 650 #0 - SUBJECT ADDED ENTRY--TOPICAL TERM | |
| Topical term or geographic name entry element | Faith development. |
| 9 (RLIN) | 4562 |
| 650 #0 - SUBJECT ADDED ENTRY--TOPICAL TERM | |
| Topical term or geographic name entry element | Mentoring. |
| 9 (RLIN) | 15529 |
| 942 ## - ADDED ENTRY ELEMENTS (KOHA) | |
| Source of classification or shelving scheme | Dewey Decimal Classification |
| Koha item type | Books |
| Withdrawn status | Lost status | Source of classification or shelving scheme | Damaged status | Not for loan | Home library | Current Library | Shelving location | Date acquired | Total checkouts | Full call number | Barcode | Date last seen | Copy number | Price effective from | Koha item type |
|---|---|---|---|---|---|---|---|---|---|---|---|---|---|---|---|
| Dewey Decimal Classification | GRACE BIBLE COLLEGE | GRACE BIBLE COLLEGE | Ministry & Mission | 2021-11-09 | 261.834242 PAR | 015286 | 2025-05-01 | c.1 | 2021-11-09 | Books |